| Tag |
First Indicator |
Second Indicator |
Subfields |
| LEADER |
00000uam a2200000 a 4500 |
| 001 |
in00004144321 |
| 005 |
20260123210007.7 |
| 006 |
m o d |
| 007 |
cr cn |
| 008 |
200513s2007 xx o eng |
| 020 |
|
|
|z 9780470069172
|
| 020 |
|
|
|z 0470069171
|
| 035 |
|
|
|a (CaSebORM)9780470069172
|
| 040 |
|
|
|d UtOrBLW
|
| 041 |
0 |
|
|a eng
|
| 100 |
1 |
|
|a Jung, Kurt,
|e author.
|
| 245 |
1 |
0 |
|a Beginning Lua Programming /
|c Jung, Kurt.
|
| 250 |
|
|
|a 1st edition.
|
| 264 |
|
1 |
|b Wrox,
|c 2007.
|
| 300 |
|
|
|a 1 online resource (672 pages)
|
| 336 |
|
|
|a text
|b txt
|2 rdacontent
|
| 337 |
|
|
|a computer
|b c
|2 rdamedia
|
| 338 |
|
|
|a online resource
|b cr
|2 rdacarrier
|
| 347 |
|
|
|a text file
|
| 520 |
|
|
|a Lua offers a wide range of features that you can use to support and enhance your applications. With this book as your guide, you'll gain a thorough understanding of all aspects of programming with this powerful language. The authors present the fundamentals of programming, explain standard Lua functions, and explain how to take advantage of free Lua community resources. Complete code samples are integrated throughout the chapters to clearly demonstrate how to apply the information so that you can quickly write your own programs.
|
| 533 |
|
|
|a Electronic reproduction.
|b Boston, MA :
|c Safari,
|n Available via World Wide Web.
|d 2007.
|
| 538 |
|
|
|a Mode of access: World Wide Web.
|
| 542 |
|
|
|f Copyright © Wrox
|g 2007
|
| 588 |
|
|
|a Online resource; Title from title page (viewed February 12, 2007)
|
| 500 |
|
|
|a Electronic resource.
|
| 655 |
|
7 |
|a Electronic books.
|2 local
|
| 700 |
1 |
|
|a Brown, Aaron,
|e author.
|0 http://id.loc.gov/authorities/names/no2001012177
|
| 710 |
2 |
|
|a Safari, an O'Reilly Media Company.
|
| 856 |
4 |
0 |
|u https://proxy.library.tamu.edu/login?url=https://go.oreilly.com/TAMU/library/view/-/9780470069172/?ar
|z Connect to this electronic resource
|t 0
|
| 999 |
f |
f |
|s b1c370ab-a3e6-3798-99a8-884d4f297c43
|i 59870f7e-bd2e-38aa-a5fc-87898941a6ce
|t 0
|
| 952 |
f |
f |
|a Texas A&M University
|b College Station
|c Electronic Resources
|s www_evans
|d Available Online
|t 0
|h No information provided
|
| 998 |
f |
f |
|t 0
|l Available Online
|